Bytový dom

Guardado en:
Detalles Bibliográficos
Autor principal: Javor, Matúš (Autor)
Otros Autores: Dlhý, Dušan (Orientador)
Formato: Manuscrito Libro
Lenguaje:eslovaco
Publicado: 2022
Materias:
Acceso en línea:http://is.stuba.sk/zp/portal_zp.pl?podrobnosti=150120
https://opac.crzp.sk/?fn=detailBiblioForm&sid=EC9507141B5FF6F04505CCC822A1
Etiquetas: Agregar Etiqueta
Sin Etiquetas, Sea el primero en etiquetar este registro!

MARC

LEADER 00000ntm a22000003a 4500
001 stuzp89715
003 SK-STU
005 20230503142811.9
007 ta
008 150427s2015----xo-----f-mn---000-0-slo-d
040 |a STU  |b slo 
041 0 |a slo 
100 1 |a Javor, Matúš  |u 010180  |4 aut  |U SvF Stavebná fakulta  |T SvF Katedra konštrukcií pozemných stavieb  |X 98466  |U V180  |Y 18  |7 98466 
242 0 1 |a Residence house  |y eng 
245 1 0 |a Bytový dom 
260 |c 2022 
650 4 |a železobetón  |2 slo 
650 4 |a realizačná dokumentácia  |2 slo 
650 4 |a bytový dom  |2 slo 
650 4 |a implementational documentation  |2 eng 
650 4 |a reinforced concrete  |2 eng 
650 4 |a residential house  |2 eng 
700 1 |a Dlhý, Dušan  |u 010180  |k Z1  |4 ths  |U SvF Stavebná fakulta  |T SvF Katedra konštrukcií pozemných stavieb  |X 712  |U V180  |Y 18  |7 A000000712 
856 4 |u http://is.stuba.sk/zp/portal_zp.pl?podrobnosti=150120 
856 4 |u https://opac.crzp.sk/?fn=detailBiblioForm&sid=EC9507141B5FF6F04505CCC822A1